| 000 | 01151nam a2200253Mu 4500 | ||
|---|---|---|---|
| 001 | wiefunktionierte00kron | ||
| 003 | CaSfIA | ||
| 005 | 20210119122637.0 | ||
| 007 | cr|||| | ||
| 008 | 980707s1997 xx 000 0 ger d | ||
| 040 |
_aDEBSZ _erakwb _bger _cDEBSZ _dCaSfIA |
||
| 035 | _a(OCoLC)312856045 | ||
| 245 | 1 | 0 |
_aWie funktioniert ein Klavier? / _h[electronic resource] _c[Red. Helga Kronthaler]. |
| 250 | _aNachdr. | ||
| 260 |
_aFildestadt : _bHorizont Verl., _c1997. |
||
| 300 |
_a[14] Bl. : _bzahlr. Il. |
||
| 490 | 0 | _aMickey fragt warum | |
| 700 | 1 |
_aKronthaler, Helga. _4adp |
|
| 856 | 4 | 1 |
_uhttp://www.archive.org/details/wiefunktionierte00kron _zFree eBook from the Internet Archive |
| 856 | 4 | 2 |
_uhttp://www.openlibrary.org/books/OL24606688M _zAdditional information and access via Open Library |
| 942 | _cEB | ||
| 506 | _fНеобхідна авторизація на https://archive.org/ (створення облікового запису безкоштовно) | ||
| 506 | _fНеобхідна авторизація на https://openlibrary.org/ (створення облікового запису безкоштовно) | ||
| 999 |
_c565976 _d565976 |
||